000 00273nam a22001217a 4500
008 170713b xxu||||| |||| 00| 0 eng d
041 _aeng
080 _a1(091)
100 _a24
101 _aFIL
245 _aPROGRESS IN THE AGE OF REASON
_cSAMPSON,R.V
942 _2udc
_cBK
999 _c20612
_d20612